000 00633nam a2200277Ia 4500
005 20260324135146.0
008 008 260324s9999 xx 000 0 eng d
020 _a9781351198431
037 _aEBOOK
040 _aCRL
040 _beng
040 _cCRL
041 _2eng
041 _aeng
084 _qCRL
100 _aIan Maclachlan
_91190824
245 0 _aRoger Laporte: The Orphic Text
260 _bTaylor and Francis
260 _c2000
365 _a
365 _b330
856 _uhttp://www.taylorfrancis.com/books/9781351198431
942 _cEBOOK
999 _c1800343
_d1800343